| 000 | 00887nam a22002777a 4500 | ||
|---|---|---|---|
| 005 | 20080603112422.0 | ||
| 008 | 080603t xxu||||| |||| 00| 0 eng d | ||
| 010 | _aENG-90262 | ||
| 020 |
_a8179772348 _c50.00 |
||
| 035 | _aEN-73795 | ||
| 037 | _bDBAD / PUB | ||
| 040 |
_aDPL _bEN |
||
| 082 | _a881 | ||
| 100 | _aMukhopadhyay, Aju | ||
| 245 |
_aThe paper boat / _cby Aju Mukhopadhyay |
||
| 260 |
_aBarilly _bPrakash Book Depot _c2007 |
||
| 260 | _b | ||
| 270 |
_aBara Bazar, _bBareilly _e243003 _k0581-2470217 |
||
| 270 |
_bNew Delhi _e110002 _k30120939 |
||
| 300 |
_a37p. _c22 cm (pbk) |
||
| 500 | _aIncludes glossary | ||
| 700 | _aFilipovic, Zlata | ||
| 700 | _aChallenger, Melanie | ||
| 942 |
_2ddc _cEN _h 881 _mMUK |
||
| 999 |
_c13205 _d13205 |
||